Kliknij w prawidłowe województwo - Statystyki

Ogólne statystyki
  • Ten quiz został rozwiązany 388 razy
  • Średni wynik to 15 z 16
Statystyki odpowiedzi
Hint Odpowiedź % Poprawnych
Warszawa Mazowieckie
96%
Opole Opolskie
96%
Wrocław Dolnośląskie
95%
Łódź Łódzkie
94%
Lublin Lubelskie
94%
Kraków Małopolskie
94%
Gdańsk Pomorskie
94%
Białystok Podlaskie
93%
Katowice Śląskie
93%
Kielce Świętokrzyskie
93%
Poznań Wielkopolskie
93%
Szczecin Zachodniopomorskie
93%
Rzeszów Podkarpackie
92%
Bydgoszcz, Toruń Kujawsko-pomorskie
91%
Olsztyn Warmińsko-mazurskie
91%
Zielona Góra, Gorzów Wielkopolski Lubuskie
90%
Nie znaleziono quizów pasujących do podanych kryteriów
Rozkład punktacji
Procent ludzi z każdym wynikiem
Percentyl według liczby udzielonych odpowiedzi
Twoja historia wyników
Nie rozwiązałeś tego quizu